000 00678nam a22001457a 4500
999 _c121245
_d121245
001 K121245
008 190716b2020 ||||| |||| 00| 0 eng d
110 _969
_aThe Economist
245 _aThe Economist’s coverage of the Coronavirus pandemic
520 _aAnalysis of the Covid-19 pandemic in the UK and the rest of the world. Considers every aspect of the pandemic—from the science to its political, economic and social consequences
650 _acovid 19
650 _acoronavirus
690 _96244
_aHealth and safety
856 _uhttps://www.economist.com/news/2020/03/11/the-economists-coverage-of-the-coronavirus
_zView the Economist analysis at: www.economist.com